| 000 | 00465nam a22001697a 4500 | ||
|---|---|---|---|
| 005 | 20180816101756.0 | ||
| 008 | 160524b xxu||||| |||| 00| 0 eng d | ||
| 020 | _a978-81-7722-763-5 | ||
| 041 | _aeng | ||
| 082 |
_b4607 _a658.4012 |
||
| 100 |
_aHilly, Charles W.L. and Jones, Greth R. _94817 |
||
| 245 | _aStrategic Management :an integrated approach | ||
| 260 |
_aNew Delhi _bAcademic Faundation |
||
| 300 | _a519p, | ||
| 650 |
_aManagement _9241 |
||
| 942 | _cBK | ||
| 999 |
_c1548 _d1547 |
||